00247nam a2200097 a 450000500170000000800410001705000180005824500470007665000130012365000130013620140414093828.0030502s19uu xx 00 eng d aVHS 500bR 05 aVideo 26 Geology, Video 27 and 28 Physics. aGeology. aPhysics.